Guia metodològica de l'Aprenentatge Servei / Carme Bosch i Matilde López, amb aportacions de: Inés Doménech i Yolanda Giménez Inés Doménech i Yolanda Giménez
ISBN:
978-84-9803-284-0
Descripción Física:
64 p. ; 30 cm
Colección:
Documents de treball. Educació ; 4
MARC
| LEADER | 00000nam a2200000Ia 4500 | ||
|---|---|---|---|
| 001 | 20732 | ||
| 008 | 160829s2008 xx 000 0 cat d | ||
| 020 | |a 978-84-9803-284-0 | ||
| 080 | |a E-1-308 | ||
| 100 | |a Bosch, Carme |9 46147 | ||
| 245 | |a Guia metodològica de l'Aprenentatge Servei / Carme Bosch i Matilde López, amb aportacions de: |b Inés Doménech i Yolanda Giménez | ||
| 260 | |a Barcelona : |b Diputació de Barcelona. Àrea d'Educació, |c 2008 | ||
| 300 | |a 64 p. ; |c 30 cm | ||
| 490 | |a Documents de treball. Educació ; 4 | ||
| 590 | |a Bibliografia | ||
| 650 | |a Integració social |x Manuals, guies, etc. |9 46148 | ||
| 650 | 0 | |a Administració local |9 34286 | |
| 650 | |a Aprenentatge Servei (ApS) |x Manuals, guies, etc. |9 46149 | ||
| 700 | |a López, Matilde |9 46150 | ||
| 700 | |a Doménech, Inés |9 46151 | ||
| 700 | 1 | |a Giménez, Yolanda |9 46152 | |
| 710 | |a Barcelona (Catalunya : Província). |b Àrea d'Educació |9 8009 | ||
| 901 | |a Arxiu | ||
| 942 | |n 1 | ||
| 952 | |0 0 |1 0 |4 0 |6 E1308 |7 1 |9 53034 |a Arxiu |b Arxiu |d 2016-12-01 |l 0 |o E-1-308 |p 20732 |r 2016-12-01 00:00:00 |w 2016-12-01 |y ARXIU | ||
| 999 | |c 56883 |d 56883 | ||